<?xml version="1.0" encoding="UTF-8"?>
<record
    xmlns:xsi="http://www.w3.org/2001/XMLSchema-instance"
    xsi:schemaLocation="http://www.loc.gov/MARC21/slim http://www.loc.gov/standards/marcxml/schema/MARC21slim.xsd"
    xmlns="http://www.loc.gov/MARC21/slim">

  <leader>00337    a2200109   4500</leader>
  <controlfield tag="001">ART_24810</controlfield>
  <controlfield tag="005">20260410161934.0</controlfield>
  <controlfield tag="008">260409a                                 </controlfield>
  <datafield tag="245" ind1="1" ind2="0">
    <subfield code="a">La administraci&#xF3;n financiera de los bancos comerciales</subfield>
  </datafield>
  <datafield tag="100" ind1="1" ind2=" ">
    <subfield code="a">Sapetnitzky, Claudio E.</subfield>
  </datafield>
  <datafield tag="773" ind1="0" ind2=" ">
    <subfield code="t">Gesti&#xF3;n</subfield>
    <subfield code="g">- N&#xBA; 4 (dic. 1973/ene. 1974)</subfield>
    <subfield code="w">REV24740</subfield>
  </datafield>
  <datafield tag="999" ind1=" " ind2=" ">
    <subfield code="c">28861</subfield>
    <subfield code="d">28861</subfield>
  </datafield>
</record>
